| Registos Bibliográficos associados ao registo de autoridade |
|
Etiqueta de registo: 00254nam 2200025 450 001 2285792 003 http://id.bnportugal.gov.pt/bib/catbnp/2285792 100 ## $a20260506d2025 k y0pory01030103ba 101 0# $apor$deng$dfre 102 ## $aPT 105 ## $aa m 000yy 106 ## $ar 200 1# $aNEET ou EET? Fatores preditores do estatuto NEET em jovens da Área Metropolitana do
Porto$fMaria Helena Figueira Vieira Pimentel de Matos$gorient. Maria Adelina Acciaiuoli Faria Barbosa Ducharne, Francisco Simões 210 #9 $aPorto$c[s.n.],$d2025 215 ## $a[6], XII, 196 p.$cil.$d30 cm 328 #1 $aTese dout. Psicologia, Faculdade de Psicologia e de Ciências da Educação, Universidade
do Porto, 2025 700 #1 $aMatos,$bMaria Helena Figueira Vieira Pimentel de$31997722 702 #1 $aDucharne,$bMaria Adelina Acciaiuoli Faria Barbosa$4727$3972833 702 #1 $93$aSimões,$bFrancisco$4727$31719337 801 #0 $aPT$bBN$gRPC 966 ## $lBN$mFGMON$x1 971 ## $cssilva$d20260506
|
|
|